লোডিং...

A Streetcar named desire

গ্রন্থ-পঞ্জীর বিবরন
প্রধান লেখক: Williams, Tennessee
বিন্যাস: Printed Book
ভাষা:English
প্রকাশিত: New York : New Directions Books , c1947
LEADER 00465nam a22001337a 4500
008 161213b xxu||||| |||| 00| 0 eng d
082 |a 812.52 WIL/S 
100 |a Williams, Tennessee 
245 |a A Streetcar named desire 
260 |a New York :  |b New Directions Books ,  |c c1947 
300 |a 166p 
942 |c BK 
999 |c 194820  |d 194820 
952 |0 0  |1 0  |4 0  |6 812_520000000000000_WIL_S  |7 0  |9 215171  |a ENG  |b ENG  |c ST1  |d 2016-12-13  |i 14034  |l 0  |o 812.52 WIL/S  |p ENG14034  |r 2016-12-13  |w 2016-12-13  |y BK